Balanç de l'any ... : l'estat de la ciutat : conferència de Pasqual Maragall i Mira, Alcalde de Barcelona l'estat de la ciutat :
Descripción Física:
5 v. ; 21 cm
Colección:
Alcaldia
MARC
| LEADER | 00000nam a2200000Ia 4500 | ||
|---|---|---|---|
| 001 | 11516, 11517, 11518, 11519, 11520 | ||
| 008 | 160829s1992 - 1996 xx 000 0 cat d | ||
| 080 | |a M-3-2, M-3-3, M-3-4, M-3-5, M-3-6 | ||
| 100 | |a Maragall, Pasqual, |d 1941- |9 1678 | ||
| 245 | |a Balanç de l'any ... : |b l'estat de la ciutat : |b conferència de Pasqual Maragall i Mira, Alcalde de Barcelona | ||
| 260 | |a Barcelona : |b Ajuntament de Barcelona, |c 1992 - 1996 | ||
| 300 | |a 5 v. ; |c 21 cm | ||
| 490 | |a Alcaldia | ||
| 590 | |a Corresponen als números de col·lecció: 2, 5, 7, 8 i 9. | ||
| 590 | |a El volum de 1992, està relligat a l'inrevés. | ||
| 590 | |a El volum de 1995 porta el subtítol: 'Barcelona i el repte europeu' | ||
| 651 | 0 | |a Barcelona (Catalunya) |x Política i govern |9 53684 | |
| 710 | 1 | |a Barcelona (Catalunya). |b Ajuntament |9 50981 | |
| 866 | |a 1991, 1992, 1993, 1994, 1995 | ||
| 901 | |a Arxiu | ||
| 942 | |n 1 | ||
| 952 | |0 0 |1 0 |4 0 |6 M32_M33_M34_M35_M36 |7 1 |9 45408 |a Arxiu |b Arxiu |d 2016-12-01 |l 0 |o M-3-2, M-3-3, M-3-4, M-3-5, M-3-6 |p 11516, 11517, 11518, |r 2016-12-01 00:00:00 |w 2016-12-01 |y ARXIU | ||
| 999 | |c 48515 |d 48515 | ||